Регионална библиотека "Любен Каравелов" - Русе

Слово (Запис номер 491645)

MARC детайли
000 -Лидер
Контролно поле с фиксирана дължина nam a22 a 4500
003 - Код на организацията, давaща контролен номер
Контролно поле BLK
005 - Дата и час на последна редакция
Контролно поле 20230515143252.0
008 - Елементи от данни с фиксирана дължина
fixed length control field 221215b bul|||||r ||||||| ||bul||
010 ## - Наследен системен номер
LC control number KNG00151030000
020 ## - Международен стандартен номер на книга ISBN
Международен стандартен номер на книга ISBN 9786199242605
040 ## - Източник на каталожния запис
Идентификатор на билиотеката - собственик на записа BLK
041 ## - Код за език
Код за езика на текст/звукозапис или на отделно заглавие Български
Код за езика КДБФ Български
080 ## - УДК
Текстов определител УДК Християнска религия
УДК код - определител по УДК 27
УДК - код + определител 27
080 ## - УДК
Текстов определител УДК Опазване на индивидуалността
УДК код - определител по УДК 159.923.5
УДК - код + определител 159.923.5
100 ## - Редна дума - Автор
Автор Серафимова, Сабина Атанасова
R(LIN) 487877
139 ## - Редно поле
Редна дума Серафимова, Сабина Атанасова
245 ## - Сведения за заглавието
Заглавие Слово
Редно поле (дума) Сабина Серафимова
257 ## - Страна на издаване
Страна на създаване/издаване България
260 ## - Област на издателските данни
Място на издаване, разпространение и проч. София
Име на издателя, разпространителя и проч. Сабина Атанасова Серафимова
Година на издаване 2023
9 (RLIN) 487878
300 ## - Физическа характеристика
Страници 112 с.
Размери/Мащаб 20 см
380 ## - Жанр
Жанр Религия. Теология
650 #7 - Допълнително описание по предмет – тема
Основно описание – тема или топоним Самоусъвършенстване
9 (RLIN) 170201
653 ## - Ключова дума – ненормативна
Ключова дума богословие
653 ## - Ключова дума – ненормативна
Ключова дума вяра
653 #7 - Ключова дума – ненормативна
Ключова дума молитви
9 (RLIN) 191331
852 ## - Местоположение
Форматна сигнатура Цб 318066
999 ## - СИСТЕМНИ КОНТРОЛНИ НОМЕРА
Koha biblionumber 491645
Koha biblioitemnumber 491645
942 ## - АРТИКУЛИ
Вид на библиотечния материал Книги
Скрит в OPAC Не
Периодичен библиозапис Да
944 ## - СЪЗДАВАНЕ И РЕДАКЦИЯ на ЗАПИСА
Създаване/Редакция Създаване
Дата на регистрацията/редакция 2023-05-15
Служител, извършил регистрацията/редакцията вт
Наличности
Код за отписване Код за изгубен артикул Източник на класификационната схема Код за повреда Код за отдаване Артикулен № Име на библиотеката - собственик Име на библиотеката, в която се намира в момента Статус (Текущо местоположение) Дата на вписване в системата Местоположение - отдел Цена в лева Инвентарен номер Систематично азбучна сигнатура Баркод Цена в евро Служебен тип на артикула
  Не е изгубен Universal Decimal Classification Не е повреден ползва се в читалня 928694 Регионална библиотека "Любен Каравелов" Русе Регионална библиотека "Любен Каравелов" Русе Хранилище 2023-05-16 Хранилище 17.90 120000887941 Цб 318069 120000887941 9.15 Книги
Vip Innovations Ltd, Rousse, Bulgaria 2025